ნორმალური ფორმატი
MARC ფორმატი
ჩანაწერი Personal Name
ჩანაწერთა რაოდენობა, რომელიც გამოყენებულია: 1
001 - CONTROL NUMBER
- control field: 20336
003 - CONTROL NUMBER IDENTIFIER
- control field: GE_BSU
005 - DATE AND TIME OF LATEST TRANSACTION
- control field: 20231110171045.0
008 - FIXED-LENGTH DATA ELEMENTS
- fixed length control field: 231110|| aca||aabn | a|a d
040 ## - CATALOGING SOURCE
- Original cataloging agency: GE_BSU
- Transcribing agency: GE_BSU
100 ## - HEADING--PERSONAL NAME
- Personal name: Соболевский, С.И.
- Relator term: რედაქტორი, შემდგენელი.
670 ## - SOURCE DATA FOUND
- Source citation: Work cat.: (GE_BSU): Дворецкий, И. Х. 20335, Древнегреческо-русский словарь :
